Normale Ansicht MARC-Ansicht ISBD

Brasilianische Pflegekräfte stärken Frankfurter Klinikum (Titelsatznr. 373695)

[ MARC ]
MARC-Details
000 -Satzkennung
Kontrollfeld mit fester Länge 00713nab a2200193 4500
001 - Kontrollnummer
Kontrollfeld 244442
003 - Kontrollnummer Identifier
Kontrollfeld OSt
005 - Datum und Zeit der letzten Transaktion
Kontrollfeld 20250414075529.0
007 - Feld mit fester Länge zur physischen Beschreibung - Allgemeine Information
Kontrollfeld mit fester Länge tu
008 - Feld mit fester Länge zur physischen Beschreibung - Allgemeine Angaben
Kontrollfeld mit fester Länge 200917s2020|||||||
040 ## - Katalogisierungsquelle
Original-Katalogisierungsstelle DE-2950
Übertragungsstelle DE-2950
245 00 - Titel
Titel Brasilianische Pflegekräfte stärken Frankfurter Klinikum
Zusatz zum Titel Personal. Das Krankenhaus in Markendorf beschäftigt bereits einige Fachkräfte aus Brasilien. Wie sie sich in der Stadt aufgenommen fühlen und woher weitere Verstärkung kommt/
Verfasserangabe etc. Nicole Buhlau
264 ## - Produktion, Veröffentlichung, Distribution, Herstellung und Urheberrechtsvermerk
Datum der Herstellung, der Veröffentlichung, des Vertriebs oder des Urheberschutzvermerks 2024
653 ## - Indexierungsterm - Nicht normiert
Nicht-normierter Term Frankfurt (Oder)
653 ## - Indexierungsterm - Nicht normiert
Nicht-normierter Term Klinikum
653 ## - Indexierungsterm - Nicht normiert
Nicht-normierter Term Brasilianische Pflegekräfte
773 0# - Übergeordnete Einheit
Verknüpfungsangaben 36. Jahrgang (2025) Nr. 80 vom 04.04.2025, S. 15 mit Foto
Titel Märkische Oderzeitung
942 ## - Zusätzliche Felder (Koha)
Klassifikation oder Aufstellungssystematik Andere/Generische Klassifikation
Koha-Medientyp Aufsätze
Exemplare
Ausgeschieden Verloren Klassifikation oder Aufstellungssystematik Beschädigt Nicht entleihbar Heimatbibliothek Aufenthaltsbibliothek Aufstellungsort Erwerbungsdatum Anzahl Ausleihen Signatur Letzte Aktivität Preis gültig von Koha-Medientyp
    Andere/Generische Klassifikation     Stadtarchiv Frankfurt (Oder) | Archivbibliothek Stadtarchiv Frankfurt (Oder) | Archivbibliothek Magazin 14/04/2025   Z2 14/04/2025 14/04/2025 Aufsätze